00758cam a22002533a 45000010005000000030006000050050017000110080041000280400015000690420007000840500007000911000030000982450068001282600029001965000033002255060030002585160020002886530037003086530049003456530019003946530022004138300028004358560041004632542PGUSA20140828083016.0010301s2001||||xxu|||||s|||||000 | eng d aPGUSAbeng adc 4aPT1 aIbsen, Henrik,d1828-190612aA Doll's House :ba playh[electronic resource] /cHenrik Ibsen bProject Gutenberg,c2001 aTranslation of: Et dukkehjem aPublic domain in the USA. aElectronic text aMan-woman relationships -- Drama aNorwegian drama -- Translations into English aWives -- Drama aMarriage -- Drama 0aProject Gutenbergv254240uhttp://www.gutenberg.org/ebooks/2542